Baykal "CHP", CHP "Baykal", Baykal "Türkiye", Türkiye "CHP" dedi... (Record no. 9702)

MARC details
000 -BAŞLIK
Sabit Uzunlukta Kontrol Alanı 00913na a2200301 4500
001 - KONTROL NUMARASI
Denetim Alanı 22855
003 - KONTROL NUMARASI IDENTIFIER
Denetim Alanı MIRAKIL
005 - SON İŞLEM TARİHİ VE ZAMANI
Denetim Alanı 20181213155254.0
008 - SABİT-BOY VERİ ELEMANLARI - GENEL BİLGİLER
Sabit Uzunlukta Kontrol Alanı 170228b tu 000 0
040 ## - KATALOGLAMA KAYNAK
Orijinal Kataloglama Ajansı Milas
Kataloglama Dili tur
Metne Dönüştürmek Ajansı TR-AnCHP
041 ## - DİL KODU
Metin / Ses Parça Veya Ayrı Başlığın Dil Kodu tur
082 ## - DEWEY ONLU SINIFLANDIRMA NUMARASI
Sınıflandırma Numarası CHP 324.2372
Ürün Numarası B29 [2005]
090 ## - SINIFLAMA NUMARASI
Sınıflama Numarası CHP 324.2372 B29 [2005]
245 ## - BAŞLIK TABLOSU
Başlık Baykal "CHP", CHP "Baykal", Baykal "Türkiye", Türkiye "CHP" dedi...
Sorumluluk Tablosu, Vb [hazırlayan] CHP
246 ## - UNVAN FORM VARYING
Başlık Doğru / Kısa Başlığı Türkiye "CHP" dedi...
246 ## - UNVAN FORM VARYING
Başlık Doğru / Kısa Başlığı Baykal "Türkiye" dedi...
246 ## - UNVAN FORM VARYING
Başlık Doğru / Kısa Başlığı CHP "Baykal" dedi...
246 ## - UNVAN FORM VARYING
Başlık Doğru / Kısa Başlığı Baykal "CHP" dedi...
246 ## - UNVAN FORM VARYING
Başlık Doğru / Kısa Başlığı CHP kurultayları
260 ## - YAYIN, DAĞITIM, VB
Yayın, Dağıtım, Vb Yeri Ankara
Yayıncı, Dağıtıcı, Vs Adı CHP
Yayın, Dağıtım, Vb Tarihi [2005]
300 ## - FİZİKSEL TANIM
Kapsam 45 s.
Boyutlar 30 sm.
490 ## - SERİSİ TABLOSU
Seri Beyanı Cumhuriyet Halk Partisi yayınları
600 ## - KONU KATMA GİRİŞ - KURUMSAL ADI
Kişisel Ad Baykal, Deniz
Genel Alt Bölümü Siyaset ve yönetim
610 ## - KONU KATMA GİRİŞ - TOPLANTI ADI
Giriş Elemanı Olarak Kurumsal Ad Veya Yargı Alanı Adı CHP
Genel Alt Bölüm Kurultaylar, 2005
Kronolojik Alt Bölüm Tarih
740 ## - KATMA GİRİŞ - KONTROLSUZ İLGİLİ / ANALİTİK BAŞLIK
Kontrol Edilmeyen / İlgili Analitik Başlıktaki 2005 CHP kurultayı
830 ## - SERİSİ EKLENDİ GİRİŞ - ÜNİFORM ADI
Üniforma Başlık CHP yayınları
942 ## - EKLENDİ GİRİŞ ELEMANLARI (KOHA)
Sınıflandırma Veya Raf Düzeni Kaynak Dewey Decimal Classification
Koha Öğesi Türü Books
999 ## - SİSTEM KONTROL NUMARALARI (KOHA)
Koha Biblionumber 9702
Koha Biblioitemnumber 9702
Holdings
Kullanım Kısıtlamaları Kalıcı Konum Mevcut Konum Edinme Tarihi Edinim Kaynak Kodlu Konum Eleme Toplam Check-Out'Lar Tam Çağrı Numarası Barkod Tarih Son Görülme İtibaren Geçerli Fiyatlar Koha Öğesi Türü
Kütüphane dışına çıkarılamaz CHP Kütüphanesi CHP Kütüphanesi 02/28/2017 Bağış CHP   CHP 324.2372 B29 [2005] 016758 02/28/2017 02/28/2017 Books